La generación ansiosa. Por qué las redes sociales están causando una epidemia de enfermedades mentales entre nuestros jóvenes.
Enregistré dans:
| Auteur principal: | |
|---|---|
| Autres auteurs: | |
| Format: | Inconnue |
| Publié: |
Sanatigo, Chile:
Planeta Chilena, S.A.; Deusto,
2024
|
| Édition: | Segunda edición. |
| Sujets: | |
| Tags: |
Ajouter un tag
Pas de tags, Soyez le premier à ajouter un tag!
|
MARC
| LEADER | 00000 a2200000 4500 | ||
|---|---|---|---|
| 003 | CL-VaPUC | ||
| 005 | 20250509154805.0 | ||
| 008 | 250505t2024 ||||| |||| 00| 0 spa d | ||
| 999 | |c 449266 |d 449264 | ||
| 020 | |a 978-956-6065-26-5 | ||
| 040 | |c Pontificia Universidad Católica de Valparaíso | ||
| 082 | 7 | |2 22 |a 305.230973 HAI 2024 | |
| 100 | |a Haidt, Jonathan |9 866778 |e autor | ||
| 245 | 1 | 3 | |a La generación ansiosa. |b Por qué las redes sociales están causando una epidemia de enfermedades mentales entre nuestros jóvenes. |
| 250 | |a Segunda edición. | ||
| 260 | |a Sanatigo, Chile: |b Planeta Chilena, S.A.; |b Deusto, |c 2024 | ||
| 300 | |a 378 páginas. | ||
| 583 | |c 20250505 | ||
| 650 | |a Niños y adolescentes |z Estados Unidos |x Condiciones sociales |y Siglo 21 |9 902606 | ||
| 650 | 0 | |9 870326 |a Redes sociales en línea |x Aspectos sociales | |
| 650 | 0 | |a Niños y adolescentes |x Salud mental |z Estados Unidos |y Siglo 21 |9 902607 | |
| 700 | |a Puertollano, Verónica |9 868510 |e traductora | ||
| 942 | |2 ddc |c BK | ||
| 952 | |0 0 |1 0 |2 ddc |4 0 |6 305_230973000000000_HAI_2024 |7 0 |8 A |9 602872 |a BIBDER |b BIBDER |d 2025-05-05 |e 22 |g 23800.00 |i 5667400 |o 305.230973 HAI 2024 |p 5667400 |r 2025-05-05 |t 1 |v 23800.00 |w 2025-05-05 |y BK |k DER | ||